| 000 | 00592nam a2200193Ia 4500 | ||
|---|---|---|---|
| 003 | GCL | ||
| 008 | 140319s9999 xx 000 0 ara d | ||
| 040 |
_aGCL / _cGCL |
||
| 082 | 0 | 4 |
_a355.82 _bط ح |
| 100 | 1 | _aطلعت نورى على | |
| 245 | 1 | 0 |
_aحرب الالغام البرية والبحرية / _cطلعت نورى على |
| 300 | _a220 ص | ||
| 490 |
_aسلسلة العلوم العسكرية _v0 |
||
| 650 | 0 | 4 | _aالالغام |
| 650 | 0 | 4 | _aالالغام البحرية |
| 650 | 0 | 4 | _aكاسحات الالغام |
| 650 | 0 | 4 | _aالالغام البرية |
| 942 |
_2ddc _cBK |
||
| 999 |
_c46518 _d46518 |
||